Punk and post-punk albums - Statistics

General Stats
  • This quiz has been taken 68 times
  • The average score is 5 of 10
Answer Stats
Hint Answer % Correct
Give em Enough Rope The Clash
86%
Rocket to Russia The Ramones
81%
The Great Rock n Roll Swindle Sex Pistols
64%
Metal Box Public Image Ltd
58%
Cut The Slits
53%
Machine Gun Etiquette The Damned
46%
Westworld Theatre of Hate
34%
The Crack The Ruts
15%
At the Chelsea Nightclub The Members
8%
Coming up for Air Penetration
7%
No matching quizzes found
Score Distribution
Percent of People with Each Score
Percentile by Number Answered
Your Score History
You have not taken this quiz